[Event "Las Palmas"]
[Site "Las Palmas"]
[Date "1994.??.??"]
[Round "6"]
[White "Karpov, Anatoly"]
[Black "Kamsky, Gata"]
[Result "1/2-1/2"]
[WhiteElo "2740"]
[BlackElo "2695"]
[Annotator "Ftacnik,Lubomir"]
[PlyCount "104"]
[EventDate "1994.05.??"]
[EventType "tourn"]
[EventRounds "9"]
[EventCountry "ESP"]
[EventCategory "17"]
[SourceTitle "CBM 042"]
[Source "ChessBase"]
[SourceDate "1994.10.01"]
[SourceVersion "1"]
[SourceVersionDate "1994.10.01"]
[SourceQuality "1"]

1. d4 d5 2. c4 c6 3. Nc3 Nf6 4. e3 e6 5. Nf3 Nbd7 6. Bd3 dxc4 7. Bxc4 b5 8. Bd3 a6 9. e4 c5 10. d5 c4 11. Bc2 e5 12. O-O Qc7 $5 ({RR} 12... Bb4 13. Ne2 O-O 14. b3 cxb3 15. axb3 Re8 16. Bd2 Bxd2 17. Qxd2 Qb6 18. b4 Qd6 19. Nc1 Nb6 20. Nb3 Bg4 21. Nh4 Nc4 22. Qc3 Rec8 23. h3 Bd7 24. Nc5 a5 25. Nxd7 Nxd7 26. bxa5 g6 27. Qe1 {Nikolic,P (2625)-Lutz,C (2595) Munich 1994 ½-½ (45)}) ({RR} 12... Bc5 13. b3 cxb3 14. axb3 Rb8 15. Ne2 O-O 16. Ng3 Re8 17. Kh1 Qb6 18. Qd2 b4 19. Bb2 a5 20. Nf5 Ba6 21. Qg5 g6 22. Nh6+ Kg7 23. Rfd1 Bxf2 24. d6 Be2 25. Nxe5 Nxe5 26. Nf5+ Kg8 27. Nh6+ {Amartuvshin,G (2350)-Tsvetkov,A (2404) Tornelo INT 2021 0-1 (36)}) 13. Ne2 Rb8 14. Ng3 h6 (14... g6 15. Be3 h6 16. Qd2 $14) 15. Bd2 $146 (15. Be3 Bc5 $13) ({RR} 15. Kh1 g6 16. b3 c3 17. Nxe5 Nxe5 18. f4 Bd6 19. fxe5 Bxe5 20. d6 Qc5 21. b4 Qxb4 22. Bf4 Bxf4 23. Rxf4 Nd7 24. Bb3 Rf8 25. Rxf7 Rxf7 26. Qd5 Rg7 27. Nh5 gxh5 28. Qxh5+ Kd8 29. Qh4+ Ke8 {Peralta,F (2557)-Braun,A (2567) Dresden 2008 ½-½ (32)}) 15... g6 (15... Bc5 16. Nf5 $36) 16. Rc1 Bd6 (16... a5 17. a4 b4 18. Bd3 Ba6 19. b3 $16) 17. h3 (17. Bb1 $5) 17... Kf8 18. Bb1 (18. Qe1 b4 $140 19. Bd3) 18... a5 (18... Kg7 19. b3 Nb6 20. Ba5 $16) 19. b3 Ba6 20. Qe1 (20. bxc4 b4 (20... bxc4 21. Qa4 Bb4 22. Bxb4+ Rxb4 23. Qc6 $16) 21. Be3 Nc5 22. Nd2 $14) 20... a4 (20... Ba3 21. Bxa5 Qd6 22. Bd2 $5 Bxc1 23. Bb4 Nc5 24. Qxc1 $44) 21. bxc4 bxc4 (21... b4 22. Be3 $14) 22. Ba5 Qa7 23. Bc3 Kg7 24. Qd2 $6 (24. Bc2 $5) 24... Rhe8 25. Kh1 Nc5 26. Nh4 Kh7 27. Qe3 (27. f4 Rxb1 $1 28. Rxb1 Nfxe4 29. Nxe4 Nxe4 $17) 27... Qb6 28. Qf3 Qd8 29. Bc2 Kg8 30. Rb1 Rxb1 (30... Nh7 31. Rxb8 Bxb8 32. Qg4 Bc8 33. Ngf5 Nf6 34. Nxh6+ Kg7 35. Nxf7 Bxg4 36. Nxd8 Be2 37. Re1 Bd3 38. Ne6+ $13) 31. Rxb1 Nh7 (31... Nxd5 32. Ngf5 $1 gxf5 33. Nxf5 Nxc3 $2 34. Qg3+ Qg5 35. Nxh6+ $18) 32. Qg4 Bc8 33. Ngf5 (33. Nhf5 Kf8 $1 $17) 33... Nf6 (33... Kf8 34. Nxg6+ fxg6 35. Qxg6 Bxf5 36. exf5 $40) (33... Ng5 34. Nxh6+ Kg7 35. N6f5+ gxf5 36. exf5 $44) 34. Nxh6+ Kh7 35. Qg5 (35. Nxf7 $2 Nxg4 36. Nxd8 Nxf2+ 37. Kg1 Nfxe4 $17) 35... Ncxe4 36. Bxe4 Nxe4 37. Qxd8 Rxd8 38. Nxf7 Nxc3 39. Rc1 $1 Rd7 (39... Nb5 40. Nxd8 c3 41. Ne6 Ba3 42. Rc2 Bb2 43. Nf3 Na3 44. Ne1 $16) 40. Nxd6 Rxd6 41. Rxc3 Ba6 42. Nf3 Rxd5 43. Ng5+ Kh6 44. Ne4 Rd3 $1 45. f3 (45. a3 Bb7 $1 46. Rxc4 (46. Rxd3 cxd3 47. Nd2 e4) 46... Rxa3 47. Nc5 Rxh3+ 48. Kg1 Bd5 $10) 45... a3 46. Rc2 Bb5 47. Kh2 (47. Nf2 Kg5 $1 48. Nxd3 cxd3 49. Rc5 $6 Bc4 $3 50. Rxe5+ Kh6 51. Re1 Bxa2 52. Ra1 Bb3 53. Rxa3 d2 54. Ra1 d1=Q+ 55. Rxd1 Bxd1 $10) 47... Rd4 48. Rc3 Rd3 49. h4 (49. Rc1 Rd4 50. Nc3 Ba6 51. Nb1 Rd3 52. Rc3 $14) 49... Rxc3 50. Nxc3 Bc6 51. Kg3 Kh5 52. Kh3 Kh6 1/2-1/2

[Event "Bundesliga 9394"]
[Site "Germany"]
[Date "1994.03.19"]
[Round "10.1"]
[White "Karpov, Anatoly"]
[Black "Lutz, Christopher"]
[Result "1/2-1/2"]
[WhiteElo "2740"]
[BlackElo "2595"]
[PlyCount "90"]
[EventDate "1993.11.06"]
[EventType "team-tourn"]
[EventRounds "15"]
[EventCountry "GER"]
[SourceTitle "GER-chT"]
[Source "ChessBase"]
[SourceDate "1999.07.01"]
[SourceVersion "1"]
[SourceVersionDate "1999.07.01"]
[SourceQuality "1"]
[WhiteTeam "Stadthagen"]
[BlackTeam "Porz"]
[WhiteTeamCountry "GER"]
[BlackTeamCountry "GER"]

1. d4 d5 2. c4 c6 3. Nf3 Nf6 4. Nc3 e6 5. e3 Nbd7 6. Bd3 dxc4 7. Bxc4 b5 8. Bd3 a6 9. e4 c5 10. d5 c4 11. dxe6 cxd3 12. exd7+ Qxd7 13. O-O Bb7 14. Re1 Be7 15. e5 Nd5 16. Qxd3 Nxc3 17. Qxc3 O-O 18. Bg5 Rac8 19. Qe3 Bxg5 20. Nxg5 ({RR} 20. Qxg5 Bxf3 21. gxf3 Rc6 22. Qf4 Qh3 23. Kh1 Rc2 24. Rg1 g6 25. Rg3 Qe6 26. Qd4 Qc4 27. Qe3 Rc8 28. Rag1 Qe2 29. Qf4 Qxf2 30. R3g2 Qb6 31. b3 Rxg2 32. Rxg2 Qe6 33. Rg1 Rc2 34. Rg2 Rc5 {Portisch,L (2625)-Jussupow,A (2600) Montpellier 1985 ½-½ (59)}) 20... Rc2 21. b3 Qg4 $146 ({RR} 21... h6 22. Nf3 Rd8 23. a4 b4 24. Rac1 Qc6 25. Rxc2 Qxc2 26. Qb6 Rd7 27. Qxb4 Bxf3 28. gxf3 Rd3 29. e6 fxe6 30. Qb7 Rxb3 31. Qxa6 Qg6+ 32. Kf1 Ra3 33. Qa8+ Kh7 34. Qe4 Qxe4 35. Rxe4 Kg8 36. Kg2 {Kolev,A (2445)-Blauert,J (2370) Groningen 1990 ½-½ (54)}) ({RR} 21... Qf5 22. Rec1 h6 23. Rxc2 Qxc2 24. Nh3 Rd8 25. f3 Qb2 26. Re1 Bc8 27. Re2 Qb1+ 28. Kf2 Bxh3 29. gxh3 Qg6 30. e6 fxe6 31. Qxe6+ Qxe6 32. Rxe6 Rd2+ 33. Re2 Rd6 34. a4 bxa4 35. bxa4 Kf7 36. Re4 {Chabanon,J (2435)-Slobodjan,R (2480) Gifhorn 1992 ½-½ (44)}) 22. Qg3 Qxg3 23. hxg3 h6 24. Ne4 Bxe4 25. Rxe4 Rd8 26. a4 Rdd2 27. Rf4 b4 28. a5 h5 29. Rf1 Rc5 30. Rxb4 Rxa5 31. Re1 Raa2 32. Rf4 a5 33. Rc1 Re2 34. Rf5 g6 35. Rf4 Rxe5 36. Rc8+ Kg7 37. Rc7 Rf5 38. Rxf5 gxf5 39. Rc5 Kg6 40. Rb5 a4 41. b4 Rb2 42. Rb6+ f6 43. b5 a3 44. Ra6 a2 45. Kh2 Rxf2 1/2-1/2

[Event "Linares 12th"]
[Site "Linares"]
[Date "1994.??.??"]
[Round "11"]
[White "Karpov, Anatoly"]
[Black "Kramnik, Vladimir"]
[Result "1-0"]
[WhiteElo "2740"]
[BlackElo "2710"]
[Annotator "Ftacnik,Lubomir"]
[PlyCount "79"]
[EventDate "1994.02.??"]
[EventType "tourn"]
[EventRounds "13"]
[EventCountry "ESP"]
[EventCategory "18"]
[SourceTitle "CBM 040"]
[Source "ChessBase"]
[SourceDate "1994.06.01"]
[SourceVersion "1"]
[SourceVersionDate "1994.06.01"]
[SourceQuality "1"]

1. d4 {Kharitonov,Andrei Y Ernst Kortschnoj Hansen,Cu} d5 2. c4 c6 3. Nf3 Nf6 4. Nc3 e6 5. e3 Nbd7 6. Bd3 dxc4 7. Bxc4 b5 8. Bd3 a6 9. e4 c5 10. d5 c4 11. dxe6 ({RR} 11. Bc2 Qc7 ({RR} 11... e5 12. O-O Qc7 13. Ne2 Rb8 14. Ng3 h6 15. Bd2) 12. O-O Bc5 13. Qe2 e5 14. Bd2 O-O 15. a3 Ne8 16. b4 Bd4 17. a4 Rb8 18. axb5 axb5 19. Ra5) 11... fxe6 ({RR} 11... cxd3 12. exd7+ Qxd7 13. O-O Bb7 14. Re1 Be7 15. e5 Nd5 16. Qxd3 Nxc3 17. Qxc3 O-O 18. Bg5 Rac8 19. Qe3 Bxg5 20. Nxg5 Rc2 21. b3) 12. Bc2 Bb7 (12... Qc7 {Ernst} 13. O-O Bc5) ({RR} 12... Qc7 13. O-O {½-½ (22) Hanssen,G (2275)-Serper,G (2560) Oslo 1994}) 13. O-O Qc7 14. Ng5 (14. e5 {Hansen,Cu} Nxe5 15. Nxe5 Qxe5 16. Re1 Qd6 17. Bg5 (17. Qe2 Be7 18. Qxe6 Qxe6 19. Rxe6 Kf7 $15 {Ashley,M-Polgar,Zso/New York/1992/}) 17... O-O-O 18. Qe2 Qc6 19. Qxe6+ Qxe6 20. Rxe6 Bc5 $15 {Greenfeld,A-Pinter,J/Beersheba/1988/}) 14... Nc5 (14... Qc6 {Hansen,Cu} 15. Qf3 Bc5 16. Qh3 Ke7 17. Nf3 b4 18. Ne2 Nxe4 19. Ned4 Qb6 20. Bxe4 Bxe4 21. Qg4 Bxd4 22. Qxe4 Bf6 23. Qxc4 $16 {Gligoric,S-Ljubojevic,L/Linares/1981/}) 15. e5 (15. Qe2 Bd6 16. f4 h6 17. Nh3 Nd3 18. e5 Bc5+ 19. Kh1 Nd5 20. Nxd5 Bxd5 21. b3 O-O 22. bxc4 bxc4 23. Be3 Bxe3 24. Qxe3 {Kragelj,I-Volzhin,A/Ljubljana op (8/17)/1992/0-1 (35)}) (15. Be3 h6 16. Nh3 Bd6 17. f4 e5 18. fxe5 Bxe5 19. Nf4 O-O 20. Nfd5 Qd6 21. Nxf6+ Rxf6 22. Rxf6 gxf6 23. Qh5 Bd4 24. Qg6+ {Kempinski,R-Royer,S/Cappelle op (02)/1993/1-0 (26)}) (15. f4 h6 (15... Rd8 16. Qe2 h6 17. Nh3 Nd3 18. e5 Nd5 19. Nxd5 Rxd5 20. Be3 Bc5 21. Nf2 Nxf2 22. Bxf2 Bxf2+ 23. Rxf2 O-O 24. Qg4 {Anikaev,Y-Mikhalchishin,A/USSR 28/589/1979/1-0 (38)}) 16. e5 hxg5 (16... Nd3 17. Bxd3 O-O-O 18. Nf3 Rxd3 19. Qe2 Bc5+ 20. Kh1 Nd5 21. Ne4 Rf8 22. Ne1 Rd4 23. Nxc5 Qxc5 24. Qg4 {Gligoric,S-Yusupov,A/Vrbas 30/576/1980/0-1 (42)}) 17. Bg6+ Ke7 18. Qe2 Nfd7 19. f5 Kd8 20. fxe6 Nxe6 21. Bf5 Kc8 22. Rd1 Bc5+ 23. Kh1 Nd4 24. Qg4 {Ftacnik,L-Panchenko,AN/Sochi/1977/0-1 (30)}) (15. Qf3 {Hansen,Cu} Bd6 16. Qh3 O-O-O 17. b4 (17. f4 {0,5/Seirawan,Y-Ribli,Z/Skelleftea Wcup/1989/}) 17... cxb3 18. Bxb3 Kb8 19. Be3 h6 20. Nxe6 Nxe6 21. Bxe6 Nxe4 22. Nxe4 Bxe4 23. a4 $16 {Klauser,M-Pelletier,Y/SWZ-ch/1993/}) 15... Qxe5 16. Re1 Qd6 17. Qxd6 $1 (17. Be3 Qc6 18. Qf3 Qxf3 19. gxf3 Nd3 20. Bxd3 cxd3 21. Rad1 h6 22. Nxe6 Kf7 23. Bc5 Bxc5 24. Nxc5 {Mackay,I-Swan,I/SCO-ch100/1993/1-0 (40)}) 17... Bxd6 18. Be3 $5 (18. Nxe6 {Hansen,Cu} Nxe6 19. Rxe6+ Kd7 20. Re2 (20. Bf5 Kc7 21. Re1 (21. Bh6 gxh6 22. Rxf6 Raf8 $15 {Herb,P-Speelman,J/French tt/1992/}) 21... Rhe8 $15 {Rieke,T-Kreuzkamp,R/2.BLW/1990/}) 20... Rae8 $15 {Lakic,N-Stanojoski,Z/ch-YU/1992/}) 18... O-O (18... Nd3 19. Bxd3 cxd3 20. Nxe6 Kf7 21. Bc5 (21. Nf4 b4 22. Na4 Bxf4 23. Bxf4 Nd5 24. Bg3 Rac8 25. Rad1 $16) 21... Rhe8 22. Ng5+ Kg6 23. Bxd6 Kxg5 24. Red1 b4 25. Bxb4 Rad8 $16) 19. Rad1 Be7 (19... Rfd8 $2 20. Rxd6 Rxd6 21. Bxc5 $18) 20. Bxc5 Bxc5 21. Nxe6 Rfc8 22. h3 (22. Nxc5 Rxc5 23. Re7 Bc6 24. b4 Rg5 25. g3 Re8 $13) ({RR} 22. Nxc5 Rxc5 23. Re7 Rb8) 22... Bf8 (22... Ba7 23. Nxg7 (23. g4 h6 24. Bf5 b4 $13) 23... b4 24. Re7 $1 (24. Nb1 Bxg2 25. Kxg2 Kxg7 26. Re7+ Kf8 27. Re6 Kf7 28. Rxa6 (28. Rdd6 Bd4 $1) 28... Bc5 29. Rxa8 Rxa8 30. a3 bxa3 31. bxa3 Bxa3 32. Rd4 $14) 24... bxc3 25. Rxb7 cxb2 26. Nf5 Rcb8 27. Rc7 $1 $16) (22... b4 23. Na4 Ba7 24. Nxg7 $1 Bxg2 $1 (24... Kxg7 25. Re7+) 25. Kxg2 Kxg7 26. Re7+ Kh8 27. Rd6 $36) (22... Bb6 {Hansen,Cu} 23. Nxg7 $16) (22... Bb4 $5 {Hansen,Cu}) (22... Rab8 $5 {Kortschnoj} {RR} 23. a3 ({RR} 23. g4 Bf3 24. Rd2 Bb6) 23... Ba7) ({RR} 22... Bb6 23. Nxg7 Kxg7 24. Re7+ Kf8 25. Rxb7 Rab8 26. Rxb8 Rxb8 27. g4 h6 28. Kg2 Bc7 29. Nd5 Nxd5 30. Rxd5 Rd8 31. Rxd8+ Bxd8 32. Kg3 a5 33. b3 cxb3 34. Bxb3 a4 35. Bc2 Ba5 36. Kf4 Be1 37. f3 {So,W (2754)-Sindarov,J (2776) Warsaw POL 2026 1-0 (45)}) ({RR} 22... Rab8 23. Nxc5 Rxc5 24. Re6 b4 25. Na4 Rg5 26. g3 Rh5 27. h4 Bf3 28. Rd4 Bd5 29. Re7 Bf7 30. f4 {½-½ (30) Kramnik,V (2725)-Shirov,A (2740) Novgorod 1994 CBM 043 [Kharitonov,Andrei Y]} {RR} Rhb5) ({RR} 22... b4 23. Na4 Ba7 24. Nxg7 Kxg7 25. Re7+) 23. g4 $146 h6 (23... b4 24. Na4 Bf3 (24... Rab8 25. Nb6 Rc6 26. Nxc4 $5 Rxc4 27. Bb3 $36) 25. Rd4 Rab8 26. Nxf8 Kxf8 27. Rf4 $18) 24. f4 Bf3 (24... b4 25. Na4 Bf3 26. Rd4 Rab8 27. Kf2 $16) (24... Re8 {Hansen,Cu} 25. g5 $16) 25. Rd2 (25. Rd4 Re8 26. Kf2 Rxe6 27. Rxe6 Bc5 28. Kxf3 Bxd4 $14) 25... Bc6 (25... b4 26. Na4 c3 27. bxc3 bxc3 28. Rf2 Bd5 29. Nb6 Bxe6 30. Rxe6 Bc5 31. Nxa8 Rxa8 32. Rc6 $16) 26. g5 hxg5 27. fxg5 Nd7 (27... Nh5 $2 {Kortschnoj} 28. Bg6 Ng3 29. Kh2 $18) 28. Nxf8 (28. Ne4 Ne5 $1 29. Rf1 Nd3) (28. Rd4 b4 (28... Re8 $5) 29. Rh4 $5 bxc3 30. Bh7+ Kf7 (30... Kh8) 31. Nd8+ $3 Rxd8 32. Rf4+ Nf6 33. g6#) (28. Be4 {Hansen,Cu} Nc5 29. Bf5 Re8 $132) 28... Nxf8 (28... Rxf8 29. Re6 (29. Rd6 $14 {Hansen,Cu}) 29... Nb8 30. Re7 $16) (28... Kxf8 $2 29. Bh7 g6 $8 30. Rf2+ Kg7 31. Re7+ Kh8 32. Bxg6 $18) 29. Rd6 (29. Re7 Rd8 $1) 29... b4 (29... Bd7 30. Be4 Rab8 31. Bd5+ Kh8 32. Re4 $40) (29... Ra7 $5 {Hansen,Cu} 30. Bf5 (30. h4 $5) 30... Rcc7 31. Nd5 Bxd5 32. Rxd5 $14) (29... Re8 {Kortschnoj} 30. Rxe8 Bxe8 31. Nd5 $16) 30. Ne4 (30. Nd5 $1 Bxd5 31. Rxd5 c3 (31... Rd8 $5 $14 {Hansen,Cu}) 32. g6 $1 (32. Bb3 Kh7 $1 (32... Kh8 33. g6 $18)) 32... a5 33. Rb5 $1 a4 34. Be4 $1 Rab8 (34... cxb2 35. Bd5+ Kh8 36. Bf7 $18) 35. Bd5+ Kh8 36. Re5 $18) 30... Be8 (30... Nd7 {Hansen,Cu} 31. Ng3 {e7/f5}) (30... Bxe4 {Ernst} 31. Bxe4 $16) 31. Ng3 Rd8 (31... c3 $5 {Hansen,Cu} 32. Nf5 cxb2 33. Ne7+ Kh8 34. Nxc8 Rxc8 35. Rd2 $14) 32. Nf5 Rxd6 (32... a5 33. Be4 Rac8 34. Bd5+ Kh7 35. Bxc4 $18) 33. Nxd6 Bg6 $2 (33... Bb5 34. Re4 c3 35. Rxb4 cxb2 36. Rxb2 $16) (33... Bd7 $1 34. Be4 (34. h4 Be6 35. Re4 b3 36. axb3 cxb3 $132) (34. Nxc4 Bxh3 35. Bb3 Kh7 $14) (34. g6 Be6 $1) 34... Rd8 35. Bd5+ Kh7 36. Bxc4 (36. h4 Bf5 $1) 36... Bxh3 37. Rd1 $14) (33... Bf7 $1 {Ernst} 34. Nxf7 (34. Re7 $1 Bd5 35. g6 $16 (35. Nf5 Ne6 36. Rd7 Bf3 37. Kf2 Bh5 $16)) 34... Kxf7 35. g6+ Kf6 36. Rf1+ Kg5 37. Rf7 Kh6 $1 (37... Rd8 38. Rxg7 Rd2 39. Rg8 $16) 38. Rc7 a5 39. Rxc4 Ra6 $16) 34. Bxg6 Nxg6 35. Nxc4 Rd8 36. Re4 (36. Kh2 {Kortschnoj} Rd5 37. Rg1 Nh4 $10) 36... b3 (36... Rd1+ 37. Kg2 (37. Kh2 {Hansen,Cu} Ra1 38. Re6 Nh4 39. Kg3 Nf5+ 40. Kg4 $18) 37... Ra1 38. h4 Rxa2 39. h5 Nf8 40. g6 $1 a5 41. Re8 a4 42. Kg3 Ra1 43. Nd6 a3 44. Nf5 Rf1 45. Ne7+ Kh8 46. bxa3 bxa3 47. Ra8 $18) 37. axb3 (37. a3 $1 $16 {Hansen,Cu}) (37. a4 $1 $16 {Kortschnoj}) 37... Rd3 38. Kg2 (38. Re3 Rxe3 (38... Rd5 $132 {Hansen,Cu}) 39. Nxe3 Nf4 40. Kh2 Nd3 41. Nc4 Nc1 42. Kg3 $1 Nxb3 43. h4 $16) 38... Rxb3 39. h4 Nf8 (39... Rb4 $5 {Hansen,Cu} 40. Kg3 $1 (40. h5 Ne5 41. Rxe5 (41. Nd6 Rxb2+ 42. Kg3 Rb6 43. Nf5 Rb3+ 44. Kg2 Rb2+ $10) 41... Rxc4 42. Kf3 $14) 40... Ne5 41. Nd6 Rxe4 (41... Rb3+ 42. Kf4 Nd3+ 43. Kf5 $16) 42. Nxe4 Kf7 43. Nc5 a5 44. h5 $16) 40. Re8 (40. Re8 Kf7 (40... Rb4 41. Rc8 Kf7 $1 (41... g6 $16 {Hansen,Cu}) (41... Kh7 $14 {Kortschnoj})) 41. Ra8 (41. Nd6+ Kg8 42. g6 Rxb2+ 43. Kf3 Rb6 44. Rd8 a5 45. h5 a4 46. Nf5 Rb3+ (46... Rf6 47. Kg4 Re6 48. Ra8 $18 Rf6 49. Kg5 Re6 50. Nxg7 $1 $18) 47. Kf4 Rb4+ 48. Kg5 Rb5 49. Ra8 (49. h6 gxh6+ 50. Kf6 Rb6+ 51. Nd6 Rb3 52. g7 Rf3+ 53. Nf5 Rxf5+ 54. Kxf5 Kxg7 55. Ra8 Kf7 56. Ra7+ Ke8 57. Rxa4 $16) 49... a3 50. Kf4 Rb4+ 51. Ke3 Rb3+ 52. Ke2 Rb2+ 53. Ke1 Rb1+ 54. Kd2 Rf1 55. Ne7+ Kh8 56. Rxa3 Ne6 57. Ra6 Nf8 58. Ra8 $18) 41... Rb4 42. Ne5+ Ke6 43. Nd3 (43. Re8+ Kf5 44. Nd3 Rg4+ 45. Kh3) 43... Rd4 44. Nc5+ (44. Rxa6+ Kd5 $14) 44... Kd5 45. Nxa6 Ne6 $14) 1-0

[Event "Linares 13th"]
[Site "Linares"]
[Date "1995.03.17"]
[Round "13"]
[White "Karpov, Anatoly"]
[Black "Illescas Cordoba, Miguel"]
[Result "1/2-1/2"]
[WhiteElo "2780"]
[BlackElo "2595"]
[Annotator "Ftacnik,Lubomir"]
[PlyCount "122"]
[EventDate "1995.03.01"]
[EventType "tourn"]
[EventRounds "13"]
[EventCountry "ESP"]
[EventCategory "17"]
[SourceTitle "CBM 046"]
[Source "ChessBase"]
[SourceDate "1995.06.01"]
[SourceVersion "1"]
[SourceVersionDate "1995.06.01"]
[SourceQuality "1"]

1. d4 {Ftacnik,Lubomir Gelfand,Boris} Nf6 2. c4 c6 3. Nc3 d5 4. e3 e6 5. Nf3 Nbd7 6. Bd3 dxc4 7. Bxc4 b5 8. Bd3 Bb7 9. O-O a6 10. e4 c5 11. d5 c4 12. Bc2 Qc7 13. Qe2 Bd6 14. Bg5 O-O-O ({RR} 14... O-O 15. Bxf6 gxf6 16. Rad1 Nc5 17. Rfe1 Rfd8 18. a3 Bf4 19. g3 Bh6 20. Nd4 Bg7 21. Qg4 Qb6 22. Re3 Nd3 23. Bxd3 Qxd4 24. Bf1 Qb6 25. Rf3 Kh8 26. Qh4 Rd7 27. Bh3 Qd8 28. Rf4 f5 29. Qh5 {Cori,J (2652)-Otero Acosta,D (2359) Villahermosa 2021 1-0 (39)}) ({RR} 14... h6 15. Bxf6 gxf6 16. a4 ({RR} 16. Nd4 Nc5 17. b4 cxb3 18. axb3 Bxh2+ 19. Kh1 Be5 20. Qe3 Bf4 21. Qh3 Be5 22. Qe3) 16... b4 ({RR} 16... Qb6 17. axb5 axb5 18. Rxa8+ Bxa8 19. Ra1 Bb7 20. b3) 17. Nd1 Ne5 18. Nxe5 Bxe5 19. Ne3 Rc8 ({RR} 19... Bxb2 20. d6 Qd7 21. Rab1 c3 22. Nc4) 20. Rad1 h5 ({RR} 20... Bxb2 21. d6 Qd7 22. Nxc4 Bc3 23. Nb6) ({RR} 20... Bxh2+ 21. Kh1 Be5 22. Ng4) 21. Kh1 b3 22. Bb1 a5 ({RR} 22... Kf8 23. Rc1 c3 24. bxc3 Bxc3 25. Nd1) 23. Qd2 c3 ({RR} 23... Kf8 24. d6 Qd7 25. f4 c3 26. bxc3 Bxc3 27. Qe2) 24. bxc3 Qxc3 ({RR} 24... Ba6 25. c4) 25. Qe2 Qb4 26. Bd3 Ke7 ({RR} 26... Kf8 27. Bb5) 27. Bb5 Rcd8 28. Nc4 Bb8 29. Qe3 {Gelfand,B (2665)-Illescas Cordoba,M (2555) Linares 1992 CBM 028 [Ftacnik,Lubomir] 1-0 (33)} {RR} b2 30. Qb6 Ba8 31. d6+ Bxd6 32. Nxd6) ({RR} 14... e5 15. Nh4 O-O 16. Nf5 Ne8 17. Qg4 f6 18. Be3 Bc8 19. Qh4) 15. Rad1 $146 ({RR} 15. dxe6 fxe6 16. b3 ({RR} 16. b3 Ne5 17. bxc4 ({RR} 17. Nd4) 17... Nxf3+ 18. Qxf3 Bxh2+ 19. Kh1 Be5) 16... Ne5 17. bxc4 Nxf3+ 18. Qxf3 Bxh2+ 19. Kh1 Be5 20. Rac1 Kb8 21. Bb3 bxc4 22. Bxf6 gxf6 23. Ne2 Rd3 24. Qh5 Qg7 25. Bxc4 Qg6 26. Qxg6 hxg6+ 27. Kg1 Bh2+ 28. Kh1 Rd2 29. Rfd1 Bxe4 {Sakaev,K (2370)-Ivanov,S (2460) Leningrad 1990 ½-½ (40)}) ({RR} 15. Rfd1 h6 16. Bh4 ({RR} 16. Bxf6 gxf6 17. b3 Bb4 18. dxe6 fxe6 19. Nb1 Ne5 20. Nbd2 c3 21. Nf1 Bc5 22. Nxe5 fxe5 23. Rxd8+ Rxd8 24. Kh1 Qb6 25. f3 Qa5) 16... g5 17. Bg3 ({RR} 17. dxe6 fxe6 18. Bg3 Bxg3 19. hxg3 Nc5 ({RR} 19... Rhe8)) 17... Bxg3 18. hxg3 exd5 19. Nxd5 ({RR} 19. a4 dxe4) ({RR} 19. exd5 Nb6 20. Bf5+ Kb8 21. d6 Rxd6 22. Qe5 Rxd1+ 23. Rxd1 Qxe5 24. Nxe5 b4) 19... Nxd5 20. exd5 Nf6 ({RR} 20... Nb6) 21. d6 Rxd6 22. Rxd6 Qxd6 23. Rd1 Qc5 ({RR} 23... Qc7 24. a4 ({RR} 24. Qe5 Qxe5 25. Nxe5 Bd5 26. Ng4 Be4) 24... Re8 25. Qd2) 24. b4 Qc7 ({RR} 24... Qxb4 25. Qe5) 25. a4 Re8 26. Qd2 Kb8 ({RR} 26... Nd5 27. axb5 axb5 28. Bf5+ Kb8 29. Nd4) 27. axb5 axb5 28. Qd4 ({RR} 28. Nd4 Re5) 28... Nd5 29. Be4 Nb6 {Avrukh,B (2605)-Gelfand,B (2690) Tel Aviv 1999 CBM 071 [Gelfand,Boris] 0-1 (57)} ({RR} 29... Nf4 30. gxf4 Bxe4 31. Ne5) ({RR} 29... Nxb4 30. Bxb7 Kxb7 31. Rb1) ({RR} 29... Nc3 30. Qxc3 Bxe4 31. Nd4)) ({RR} 15. dxe6 fxe6 16. Nd4 Qb6 17. Nxe6 Bxh2+ 18. Kxh2 Qxe6 19. Kg1 h6 20. Be3 Ng4 21. b3 h5) ({RR} 15. dxe6 fxe6 16. Rfd1 h6 17. Bh4 g5 18. Bg3 Bxg3 19. hxg3 Nc5 20. b4 cxb3 21. axb3 Rxd1+ 22. Rxd1 Rd8 23. Rxd8+ {½-½ (23) Lerner,K (2515)-Magerramov,E (2560) St Petersburg 1992}) 15... h6 16. Bxf6 gxf6 17. a4 $2 (17. Kh1 $5) 17... b4 18. Rd4 Bc5 (18... bxc3 $2 19. Rxc4 Nc5 20. b4 $1 $40) 19. dxe6 (19. Rxc4 Nb6 $17) (19. d6 Qa5 20. Rxc4 Nb6 $17) 19... fxe6 (19... Bxd4 20. Nxd4 Ne5 21. Nd5 Bxd5 22. exd5 Rxd5 $17) 20. Rxc4 Nb6 21. Rxc5 Qxc5 22. Na2 Kb8 23. Bb3 $2 (23. Nc1 $17) 23... e5 $2 (23... f5 $1 24. exf5 exf5 $19) 24. Rc1 Qa5 25. Qe1 Rc8 26. Ra1 Rhd8 27. Nxb4 Ka8 28. Be6 Rc7 29. b3 $5 Rd6 30. Bf5 Nc8 31. Nd5 Qxe1+ 32. Rxe1 Bxd5 33. exd5 Ne7 (33... Rxd5 $2 34. Be4) 34. Bd3 Nxd5 35. Nh4 Ne7 36. Bc4 a5 37. g3 (37. h3 $1 Ka7 38. Re3 Kb6 39. Rg3) 37... Ka7 38. Re3 Kb6 39. Kg2 Kc5 40. Nf3 Nc6 41. Ne1 Rd1 42. Kh3 Nd4 43. Nd3+ Kd6 $6 (43... Kb6 $142 44. Kg4) 44. f4 exf4 (44... Nf5 45. fxe5+ fxe5 46. Rxe5) 45. Nxf4 Re7 46. Rxe7 Kxe7 47. Nd5+ Kd6 48. Nxf6 Kc5 49. Kg4 Kb4 $2 (49... Rb1 50. Kh5 Nxb3 $13) 50. Nd5+ Ka3 51. Nc3 $1 Rh1 52. Nb5+ Nxb5 53. axb5 Rxh2 54. b6 Rd2 55. b7 Rd8 56. Kh5 Kb4 (56... Rb8 57. Bd5) 57. Be6 Rb8 58. Bd5 Kc5 59. Bg2 Kb4 60. Bd5 Kc5 61. Bg2 Kb4 1/2-1/2